Statystyki dla Państwa na półkuli południowej

Kliknij tutaj aby rozwiązać quiz!

Ogólne statystyki

  • Ten quiz został rozwiązany 11 177 razy
  • Średni wynik to 35 z 48

Statystyki odpowiedzi

Kraj% Poprawnych
Brazylia
97%
Argentyna
96%
Chile
96%
Australia
94%
Republika
Południowej Afryki
94%
Urugwaj
92%
Peru
91%
Boliwia
90%
Indonezja
90%
Paragwaj
90%
Nowa Zelandia
89%
Kolumbia
88%
Ekwador
87%
Demokratyczna
Republika Konga
86%
Kongo
81%
Madagaskar
78%
Angola
76%
Lesotho
76%
Zambia
75%
Zimbabwe
75%
Kenia
74%
Papua-Nowa Gwinea
72%
Mozambik
71%
Tanzania
71%
Botswana
69%
Namibia
69%
Fidżi
68%
Timor Wschodni
68%
Eswatini
66%
Uganda
66%
Wyspy Salomona
66%
Rwanda
64%
Vanuatu
63%
Seszele
62%
Somalia
61%
Tuvalu
61%
Gwinea Równikowa
59%
Kiribati
59%
Nauru
59%
Gabon
58%
Komory
58%
Burundi
57%
Malediwy
57%
Mauritius
57%
Samoa
57%
Tonga
56%
Malawi
54%
Wyspy Świętego
Tomasza i Książeca
47%

Rozkład punktacji

Percentyl według liczby udzielonych odpowiedzi

Procent ludzi z każdym wynikiem

Twoja historia wyników

Nie rozwiązałeś tego quizu